000 00566nam a22001817a 4500
005 20230911120943.0
010 _aENG-137788
020 _c500.00
_a9788192061580
035 _aEN-121320
037 _bThe Asiatic Society.
082 _a954.02
100 _aSircar,D.C.
_956189
245 _aThe Kanyakubja Gauda Struggle:
_bFrom the 6th to the 12th Century A.D./
_cby D.C.Sircar
260 _akolkata
_bMihir kumar chakraborty
_c2011
270 _a1 Park Street
_bKolkata
300 _a70p.
_c22cm(hbk)
_bIndex
942 _2ddc
_cEN
_mSIR
_h954.02
999 _c197085
_d197085